[Event "3rd GRENKE Chess Open 2018"]
[Site "Karlsruhe"]
[Date "2018.04.01"]
[Round "7"]
[White "Firat, Burak"]
[Black "Bernadskiy, Vitaliy"]
[Result "1/2-1/2"]
[WhiteElo "2446"]
[BlackElo "2588"]
[Annotator "TA"]
[PlyCount "98"]
[EventDate "2018.??.??"]
[EventType "swiss"]
[EventCountry "GER"]
[SourceTitle "playchess.com"]
[Source "ChessBase"]
[SourceQuality "1"]

{[%evp 11,98,41,68,62,60,60,79,64,66,60,68,76,56,61,57,61,66,58,72,48,53,38,48,45,42,40,59,27,25,25,31,27,44,37,77,86,77,81,73,69,139,115,112,110,210,218,224,24,25,27,21,33,154,169,232,235,275,285,272,263,237,171,256,254,252,233,258,250,277,273,266,210,199,203,185,161,154,77,211,179,179,168,153,62,32,0,139,0,39]} 1. e4 Nc6 2. d4 d6 3. d5 Nb8 4. c4 g6 5. Nc3 Bg7 6. Be3 {A42: Modern Defence: Averbakh Variation} Nf6 {LiveBook: 5 Games} 7. f3 O-O (7... c6 8. Bd3 Nbd7 9. Nge2 a6 10. O-O O-O 11. Rc1 Ne5 12. b4 Bd7 13. a4 b6 14. dxc6 Bxc6 {0-1 (49) Gyimesi,Z (2591)-Nakamura,H (2710) Mainz 2009}) 8. Qd2 {White is slightly better.} e6 9. Nge2 $146 ({Predecessor:} 9. dxe6 Bxe6 10. Bd3 Nc6 11. Nge2 Ne5 12. b3 c6 13. Rd1 d5 14. cxd5 cxd5 15. Bc2 dxe4 16. Qxd8 Raxd8 17. Rxd8 Rxd8 18. Nxe4 {½-½ (60) Kadar,G (2300)-Berta,K (2225) Hungary 1994}) 9... Nbd7 10. Nd4 exd5 11. cxd5 Ne5 12. Be2 c5 13. dxc6 bxc6 14. O-O Bb7 15. Rfd1 d5 16. exd5 cxd5 17. b3 Rc8 18. Rac1 Re8 19. Bf1 a6 20. Na4 Qd6 21. Ne2 Rxc1 22. Qxc1 d4 23. Nxd4 Nd5 24. Bf2 Rc8 25. Qd2 Qf6 ({Better is} 25... Bf6 $14) 26. Rc1 Rxc1 27. Qxc1 Nf4 (27... Nd7 $16) 28. Nc5 $1 $18 {[%cal Rc5b7]} Bd5 29. Ne4 $2 (29. Nxa6 $6 Ned3) ({Don't go for} 29. Bxa6 $2 Qg5 $19) (29. Be3 $18 Bh6 30. Nxa6) 29... Bxe4 $1 $11 30. Qc8+ Bf8 31. fxe4 Kg7 (31... Nfd3 $14 32. Be3 Qh4) 32. Qxa6 $16 Qg5 (32... Bd6 $142) 33. Kh1 $18 Bc5 34. Nf5+ gxf5 35. Bxc5 fxe4 36. Bd4 Qf5 (36... Ne6 $142 37. Bb2 Qf5) 37. Qa5 f6 38. Bxe5 $1 fxe5 39. Qa7+ Kg6 40. Qb6+ Kg7 41. Qf2 Qd7 42. g3 $1 {[%cal Rg3f4]} Nd3 43. Qe2 Qd4 44. a4 ({White should try} 44. Kg2) 44... Kf6 (44... Nf2+ $16 45. Kg2 Nd1) 45. a5 ({But not} 45. Qh5 $6 Qe3 $16) 45... Qa1 46. Kg2 Ne1+ {[#]} 47. Kf2 (47. Kg1 $1 $16 Nf3+ 48. Kf2 Qxa5 49. Qxe4) 47... Nd3+ $14 48. Kg2 (48. Kg1 $14 Qxa5 49. Qe3) 48... Ne1+ $1 $16 {[#]} 49. Kf2 ({Only move:} 49. Kg1 $1 $16 {Black must now prevent a6.} Nf3+ 50. Kf2) 49... Nd3+ {Precision: White = 70%, Black = 53%.} 1/2-1/2

[Event "3rd GRENKE Chess Open 2018"]
[Site "Karlsruhe"]
[Date "2018.04.01"]
[Round "7"]
[White "Vrolijk, Liam"]
[Black "Sadzikowski, Daniel"]
[Result "1/2-1/2"]
[WhiteElo "2432"]
[BlackElo "2583"]
[Annotator "TA"]
[PlyCount "53"]
[EventDate "2018.??.??"]
[EventType "swiss"]
[EventCountry "GER"]
[SourceTitle "playchess.com"]
[Source "ChessBase"]
[SourceQuality "1"]

{[%evp 24,53,35,28,25,32,41,37,43,50,56,9,54,35,35,34,35,35,35,35,35,35,35,35,35,35,35,35,35,0,0,-1]} 1. d4 Nf6 2. c4 e6 3. Nf3 d5 4. Nc3 Bb4 5. Bg5 dxc4 6. e4 c5 7. Bxc4 h6 8. Bxf6 Qxf6 9. O-O {D39: Queen's Gambit Declined: Ragozin Defence with 5 Bg5 dxc4} cxd4 10. Nb5 Qe7 11. Qxd4 O-O 12. Nxa7 Bc5 13. Nxc8 {LiveBook: 9 Games} Rxc8 14. Qd3 Nc6 15. Qe2 Nd4 16. Nxd4 Bxd4 {[#]} 17. Rad1 $146 Qf6 (17... Bxb2 $5 18. Bxe6 Qxe6 19. Qxb2 Qxe4 $11) 18. Kh1 Bxb2 19. f4 Qc3 20. Bb3 {[#] Black must now prevent Rf3.} Rd8 21. f5 Rxd1 22. Qxd1 Qc6 23. fxe6 fxe6 24. Qe2 Be5 25. Qg4 Re8 26. Qh5 Rf8 27. Rxf8+ 1/2-1/2

[Event "3rd GRENKE Chess Open 2018"]
[Site "Karlsruhe"]
[Date "2018.04.01"]
[Round "7"]
[White "Chernov, Vadim"]
[Black "Moussard, Jules"]
[Result "0-1"]
[WhiteElo "2407"]
[BlackElo "2576"]
[Annotator "TA"]
[PlyCount "172"]
[EventDate "2018.??.??"]
[EventType "swiss"]
[EventCountry "GER"]
[SourceTitle "playchess.com"]
[Source "ChessBase"]
[SourceQuality "1"]

{[%evp 18,172,47,50,64,59,70,41,61,52,63,54,50,61,54,53,59,54,63,45,58,52,58,16,52,17,21,0,0,0,38,0,5,0,0,0,0,0,0,0,0,0,0,0,0,0,0,0,0,0,0,0,0,0,0,0,0,-18,0,0,33,0,0,0,0,0,0,0,30,0,0,0,15,14,39,23,28,0,0,0,0,0,0,0,0,0,0,0,0,0,22,8,8,0,0,0,8,0,0,0,0,0,0,0,0,0,0,0,0,0,8,0,8,0,0,0,0,-8,-8,-8,-8,-31,-8,-8,-8,-27,-27,-27,-27,-27,-8,-27,-27,-31,-31,-152,-152,-346,-331,-306,-30,-46,-46,-46,-18,-29973,-29976,-29978,-29979,-29980,-29978,-29978,-29977,-29977,-29977,-29987,-29988]} 1. e4 e5 2. Nf3 {[%cal Bg1f3,Bf3d4,Bd4b3,Bb3a5,Ba5c4][%mdl 32]} Nc6 3. Bb5 a6 4. Bxc6 dxc6 5. O-O f6 6. d4 exd4 7. Nxd4 c5 8. Nb3 Qxd1 9. Rxd1 Bd6 10. Na5 {LiveBook: 40 Games} Bg4 {C69: Ruy Lopez: Exchange Variation with 5 0-0 f6} (10... b5 11. c4 Ne7 12. Nc3 Rb8 13. Be3 Be6 14. Rac1 Kf7 15. b3 Rhd8 16. Nd5 Rd7 17. f4 Rbd8 18. Nb7 Rb8 19. Nxc5 Bxc5 20. Bxc5 Nxd5 21. cxd5 {1-0 (58) Guseinov,G (2634)-Bachmann,A (2593) Berlin 2015}) 11. f3 Bc8 12. Nc4 $146 {Threatens to win with Nc3.} ({Predecessor:} 12. Nc3 Ne7 13. Nc4 Be5 14. Nxe5 fxe5 15. Bg5 Be6 16. Bxe7 Kxe7 17. Nd5+ Bxd5 18. Rxd5 {½-½ (59) Perez Perez,F-Castagna,R Beverwijk 1962}) 12... Be7 {White is slightly better.} 13. Bf4 Be6 14. Ne3 Bd8 15. Nc3 Ne7 16. Rd2 (16. a4 {is more complex.} O-O 17. g4 Nc6 18. Bg3 h5 19. h3) 16... O-O 17. g4 Nc6 18. Rad1 Re8 19. Kg2 Rc8 20. Ncd5 Nb4 21. a3 Nxd5 22. Nxd5 c6 23. Nc3 b5 24. Bd6 Bb6 25. Ne2 Red8 26. Bg3 Rxd2 27. Rxd2 Rd8 28. Rxd8+ Bxd8 $11 {[%mdl 4096] Endgame KBB-KBN} 29. Bd6 c4 30. Bc5 Bc7 31. h4 Kf7 32. Kf2 Bd7 33. h5 g6 34. hxg6+ hxg6 35. Ke3 Be5 36. c3 Bh2 37. Nd4 Bg1+ 38. Kd2 Bc8 39. Bd6 Bd7 40. Bc5 Kg8 41. Bd6 Kg7 42. Bf4 Bf2 43. Bd6 Kf7 44. Ke2 Bh4 45. Ke3 Bg5+ 46. Bf4 Bh4 47. Ne2 f5 48. exf5 gxf5 49. gxf5 Bxf5 50. Nd4 Bd7 51. Bd6 Bd8 52. Ke4 Bf6 53. f4 {[%cal Bf3f4,Bf4f5][%mdl 32]} Kg6 54. f5+ Kg5 55. Bf4+ Kg4 56. Ne6 c5 57. Nxc5 Bxf5+ 58. Ke3 Bd8 59. Bh6 Kh5 60. Bf4 Bb6 61. Kd4 Kg4 62. Bd6 Kf3 63. Kd5 Bc8 64. Kc6 Bd8 65. b3 cxb3 66. Nxb3 Ke3 67. Be5 Kd3 68. Nc5+ Kc4 69. a4 bxa4 70. Nxa4 Bh3 71. Nb6+ Kb3 72. c4 Bg2+ 73. Kc5 Bh4 74. Kd6 Bf2 75. c5 Kb4 76. Nd5+ (76. Nd7 $15) 76... Kc4 $1 $17 77. Nb6+ $2 (77. Nc3 $17 {was the only defense.}) 77... Kb5 $19 78. Nd7 Bc6 $2 (78... a5 $19 {Strongly threatening ...Bc6.} 79. Kc7 Bh1) 79. Bc3 Bxd7 80. Kxd7 Bxc5 $15 {KB-KB} 81. Ke6 $2 {[%mdl 8192] [#]} (81. Kc7 $11) 81... Bb4 $1 {Black mates.} 82. Bb2 Kc4 83. Kf5 Kd5 84. Kf4 a5 85. Ke3 {[#]} Kc4 $1 {[%cal Rc4b3]} 86. Ba1 Bc3 {Precision: White = 40%, Black = 54%.} 0-1

[Event "3rd GRENKE Chess Open 2018"]
[Site "Karlsruhe"]
[Date "2018.04.01"]
[Round "7"]
[White "Engel, Luis"]
[Black "Kuljasevic, Davorin"]
[Result "1/2-1/2"]
[WhiteElo "2406"]
[BlackElo "2538"]
[Annotator "TA"]
[PlyCount "44"]
[EventDate "2018.??.??"]
[EventType "swiss"]
[EventCountry "GER"]
[SourceTitle "playchess.com"]
[Source "ChessBase"]
[SourceQuality "1"]

{[%evp 23,44,0,2,0,0,-6,0,0,0,0,0,0,0,0,10,0,8,6,8,9,16,14,15]} 1. e4 e5 2. Nf3 Nc6 3. Bc4 Bc5 4. c3 Nf6 5. d3 d6 6. Nbd2 O-O 7. O-O h6 8. Bb3 a6 9. Re1 Be6 {C54: Giuoco Piano: 4 c3 Nf6, main lines with 5 d4 and 5 d3} 10. Nf1 (10. Bxe6 fxe6 11. Nf1 Qd7 12. b4 Ba7 13. Be3 Bxe3 14. Rxe3 Ne7 15. a4 Kh8 16. Re1 Rf7 17. N1d2 {½-½ (28) Huschenbeth,N (2596)-Bacrot,E (2723) Germany 2018}) 10... Bxb3 11. Qxb3 Re8 12. h3 d5 {LiveBook: 4 Games. The position is equal.} 13. Ng3 Qd7 14. Bd2 Bb6 15. Rad1 Rad8 $146 16. Bc1 Qe6 17. a4 Rd7 18. exd5 Qxd5 19. Qxd5 Rxd5 20. Ne4 Nxe4 21. dxe4 Rxd1 22. Rxd1 f6 1/2-1/2

[Event "3rd GRENKE Chess Open 2018"]
[Site "Karlsruhe"]
[Date "2018.04.01"]
[Round "7"]
[White "Menezes, Christoph"]
[Black "Bacrot, Etienne"]
[Result "0-1"]
[WhiteElo "2404"]
[BlackElo "2718"]
[Annotator "TA"]
[PlyCount "72"]
[EventDate "2018.??.??"]
[EventType "swiss"]
[EventCountry "GER"]
[SourceTitle "playchess.com"]
[Source "ChessBase"]
[SourceQuality "1"]

{[%evp 15,72,-4,-3,-68,-64,-59,-61,-75,-71,-57,-37,-60,-26,-44,-27,-43,0,-7,0,-38,-10,-25,-25,-44,-16,-29,-29,-30,-30,-30,-30,-26,-27,-26,-30,-28,-23,-28,-32,-31,-32,-106,-99,-157,-150,-131,-61,-122,-48,-239,-247,-224,-238,-369,-369,-388,-238,-238,-231]} 1. d4 d5 2. Bf4 Nf6 3. e3 e6 4. Nf3 Bd6 5. Bg3 O-O 6. Nbd2 c5 7. c3 Qc7 8. Bd3 Nbd7 9. e4 {D02: 1 d4 d5 2 Nf3 sidelines, including 2...Nf6 3 g3 and 2...Nf6 3 Bf4} ({Better is} 9. Bxd6 $11 Qxd6 10. O-O) 9... cxd4 $1 $15 10. cxd4 dxe4 11. Bxe4 $146 {Black is slightly better.} ({Predecessor:} 11. Nxe4 Nxe4 12. Bxe4 Nf6 13. Bd3 Qa5+ 14. Ke2 Rd8 15. Bh4 Bd7 16. Bxf6 gxf6 {0-1 (38) So,W (2815)-Carlsen,M (2832) chess.com INT 2017}) 11... Nxe4 12. Nxe4 Bb4+ 13. Ned2 {[%cal Be4d2,Bd2c4,Bc4e3][%mdl 32]} Qa5 14. O-O Nf6 15. Nc4 Qd5 (15... Qa6 $5 {[%cal Ra6c4]} 16. Nfe5 b5 $11) 16. Ne3 Qa5 17. Nc4 Qd8 (17... Qa6 $5 {[%cal Ra6c4]} 18. Nfe5 b5 $11) 18. Qb3 Be7 19. Rac1 b6 20. Nce5 Bb7 21. Nc6 Bxc6 $1 22. Rxc6 Rc8 23. Rfc1 Rxc6 24. Rxc6 Nd5 25. a3 Qa8 $36 {[%mdl 2048] Black is pushing.} 26. Qc2 h6 27. h3 Rd8 28. Qc1 {[#]} (28. Ne5 $15) 28... Bc5 $1 $17 {[%mdl 512]} 29. Rxc5 (29. Bh4 $142 Rf8 30. Rxc5 bxc5 31. dxc5) (29. dxc5 Qxc6) 29... bxc5 30. dxc5 a5 (30... Ne7 $17 31. Bd6 Nf5) 31. b3 {[#]} ({White should play} 31. Bd6 $15) 31... Qa6 (31... Ne7 $1 $17 {aiming for ...Qd5.} 32. Bd6 Nf5) 32. Qc2 $2 {[#]} ({White should try} 32. c6 $15) 32... Ne7 $1 $19 33. Bd6 Nf5 34. Bf4 (34. Bc7 $142 Qd3 35. Qxd3 Rxd3 36. Bxa5) 34... Qd3 35. Qb2 {If White can now play c6 this consolidates a bit.} a4 36. bxa4 Qc4 {Precision: White = 34%, Black = 48%.} 0-1

[Event "3rd GRENKE Chess Open 2018"]
[Site "Karlsruhe"]
[Date "2018.04.01"]
[Round "7"]
[White "Tomczak, Mikolaj"]
[Black "Kasimdzhanov, Rustam"]
[Result "1/2-1/2"]
[WhiteElo "2394"]
[BlackElo "2676"]
[Annotator "TA"]
[PlyCount "58"]
[EventDate "2018.??.??"]
[EventType "swiss"]
[EventCountry "GER"]
[SourceTitle "playchess.com"]
[Source "ChessBase"]
[SourceQuality "1"]

{[%evp 19,58,11,13,6,14,6,7,0,0,0,0,0,7,-6,7,0,0,-9,-8,-15,-14,-11,0,-20,-20,-15,-15,-22,-20,-27,0,0,0,0,11,16,10,10,24,21,26]} 1. Nf3 d5 2. d4 Nf6 3. c4 e6 4. Nc3 a6 5. cxd5 exd5 6. Bg5 {D37: Queen's Gambit Declined: 5 Bf4} Be6 7. e3 Nbd7 8. Bd3 h6 (8... Bd6 9. Bf4 Qe7 10. O-O O-O 11. h3 Rfe8 12. Qc2 {½-½ (12) Aronian,L (2805)-Carlsen,M (2837) Riadh 2017}) 9. Bh4 Bd6 10. O-O O-O {LiveBook: 9 Games} 11. Qc2 Re8 12. Rac1 c6 13. Bg3 $146 ({Predecessor:} 13. a3 Qb8 {½-½ (24) Bu,X (2705)-Riazantsev,A (2671) Doha 2016}) 13... Bxg3 14. hxg3 Bg4 15. Na4 a5 16. a3 Qe7 17. Nc5 (17. Nd2 {looks sharper.} Rac8 18. Nb3 b6 19. Ba6 Rc7 20. Nc3) 17... Nxc5 18. Qxc5 Qxc5 19. Rxc5 a4 20. Nd2 Re7 21. Nb1 Ne8 22. Rcc1 Nd6 23. Nc3 Bf5 24. Be2 g6 25. g4 Be6 26. Rfe1 Nc8 27. f3 Kg7 28. Kf2 f6 29. Bd3 Bf7 {Precision: White = 55%, Black = 50%.} 1/2-1/2

[Event "3rd GRENKE Chess Open 2018"]
[Site "Karlsruhe"]
[Date "2018.04.01"]
[Round "7"]
[White "Horton, Andrew P"]
[Black "Kanarek, Marcel"]
[Result "1/2-1/2"]
[WhiteElo "2393"]
[BlackElo "2506"]
[Annotator "TA"]
[PlyCount "109"]
[EventDate "2018.??.??"]
[EventType "swiss"]
[EventCountry "GER"]
[SourceTitle "playchess.com"]
[Source "ChessBase"]
[SourceQuality "1"]

{[%evp 26,109,45,45,98,22,75,79,87,85,86,84,97,58,70,43,52,39,75,61,68,64,97,0,0,0,0,0,0,0,0,0,0,0,0,-68,0,-39,-39,-41,0,-17,-10,-10,-10,-35,-35,-56,0,-34,-43,-34,-35,-39,-40,-41,0,-55,0,0,0,0,0,0,0,-8,0,-8,0,-8,-8,-8,-8,-8,-8,-8,-8,-8,-8,-8,-8,-8,-8,-8,0,0]} 1. Nf3 Nf6 2. c4 g6 3. g3 Bg7 4. Bg2 O-O 5. O-O d6 6. Nc3 c5 7. d4 Nc6 8. d5 Na5 9. Nd2 a6 10. Rb1 Rb8 11. b3 b5 12. Bb2 bxc4 13. bxc4 e5 14. Qc2 {LiveBook: 11 Games} Nh5 {E66: King's Indian: Fianchetto: 6...c5 7 0-0 Nc6 8 d5} (14... Bd7 $14) (14... Bh6 15. e3 Bf5 16. Nce4 Nxe4 17. Bxe4 Bd7 18. Bc3 Qc7 19. Rb2 f5 20. Bg2 Rxb2 21. Qxb2 Bg5 22. f4 exf4 23. exf4 {1-0 (45) Hefka,V (2574)-Toro Solis de Ovando,G (2636) ICCF corr 2003}) 15. Nd1 $146 (15. Na4 $16) ({Find the theoretical novelty and annotate with similar games:} 15. e3 g5 16. Ne2 g4 17. Bc3 Rxb1 18. Rxb1 f5 19. Qa4 Nb7 20. f4 exf4 21. Bxg7 Kxg7 22. Nxf4 Nxf4 23. exf4 {½-½ (31) Sochor,S (2056)-Tejkal,J (2053) Znojmo 2002}) 15... Bf5 {[#]} (15... f5 $11 {remains equal.}) 16. e4 $1 $16 {[%cal Re4f5]} Bd7 {White is better.} 17. Bc3 Rxb1 18. Qxb1 Bh6 19. Nb2 f5 20. Bh3 Nb7 21. exf5 $1 Bxf5 22. Bxf5 gxf5 23. Nd3 Rf7 24. f4 (24. Qd1 $16 Nf6 25. Re1) 24... exf4 $1 $11 25. Nxf4 Bxf4 26. gxf4 Nxf4 {( -> ...Qg5+)} 27. Kh1 $1 Ne2 $1 {[%cal Re2c3]} ({Wrong is} 27... Qg5 $2 28. Rg1 $18) 28. Ba1 {Nf3 is the strong threat.} Qh4 {Strongly threatening ...Ng3+.} 29. Qd3 Nd4 30. Qe3 ({Better is} 30. Bxd4 $11 Qxd4 31. Qe2) 30... Kf8 (30... Re7 $15 31. Qg1+ Qg4) 31. Bxd4 cxd4 32. Qe6 Qf6 (32... Qe7 {NOTEXT} 33. Nb3 d3 34. Rf3 Qxe6 35. dxe6 Rf6) 33. Qc8+ (33. Nb3 {NOTEXT} Nc5 34. Qxf6 Rxf6 35. Nxd4 Nd3 36. Rxf5 Kf7 37. Rxf6+ Kxf6 38. Nb3) 33... Qd8 34. Qxd8+ Nxd8 {[%mdl 4096] Endgame KRN-KRN} 35. Nf3 d3 36. Nd4 f4 ({Black should try} 36... Nb7 $15) 37. Rd1 Rc7 38. Rxd3 Rxc4 39. Nf5 Nf7 40. Rb3 Ke8 41. Kg2 (41. Rb7 $11 Rc1+ 42. Kg2) 41... Rc2+ (41... Kd8 $1 $15) 42. Kf3 {The position is equal.} Rxh2 43. Rb8+ Nd8 44. Ra8 Rxa2 45. Ra7 Rd2 46. Nxd6+ Kf8 47. Rxa6 (47. Ra8 {NOTEXT} Rxd5 48. Nb7 Ke7 49. Nxd8 Rxd8 50. Rxa6 h5 51. Kxf4 Rd6 52. Ra8) 47... Rxd5 48. Kxf4 Ne6+ 49. Ke4 Nc5+ (49... Rd1 {NOTEXT} 50. Ke5 Nc7 51. Rc6 Re1+ 52. Kf5 Ne6) 50. Kxd5 Nxa6 51. Ke6 Kg7 52. Kf5 Nc5 53. Ne8+ Kf7 54. Nf6 $1 {[#]} h5 $1 {[%mdl 512]} 55. Nxh5 {Precision: White = 50%, Black = 52%.} 1/2-1/2

[Event "3rd GRENKE Chess Open 2018"]
[Site "Karlsruhe"]
[Date "2018.04.01"]
[Round "7"]
[White "Meinhardt, Maximilian"]
[Black "Lobron, Eric"]
[Result "0-1"]
[WhiteElo "2387"]
[BlackElo "2503"]
[Annotator "TA"]
[PlyCount "80"]
[EventDate "2018.??.??"]
[EventType "swiss"]
[EventCountry "GER"]
[SourceTitle "playchess.com"]
[Source "ChessBase"]
[SourceQuality "1"]

{[%evp 10,80,-27,-31,0,-5,-7,-95,-95,-100,-84,-121,-112,-122,-97,-110,-48,-61,-66,-60,-47,-78,-78,-70,-69,-155,-135,-226,-238,-225,-104,-177,-82,-167,-143,-157,-88,-74,-85,-156,-151,-131,-95,-202,-21,-108,-110,-668,-668,-668,-668,-668,-668,-668,-668,-668,-654,-747,-723,-1043,-1033,-1366,-837,-876,-851,-866,-820,-802,-770,-1679,-1653,-1620,-1369]} 1. e4 c6 2. Nc3 d5 3. Qe2 d4 4. Nd1 e5 5. g3 c5 6. d3 {LiveBook: 15 Games. B11: Caro-Kann: Two Knights Variation} h5 $146 {[%cal Bh7h5,Bh5h4][%mdl 32]} ({Predecessor:} 6... Bd6 7. Bg2 Nc6 8. f4 exf4 9. gxf4 Qc7 10. e5 Be7 {0-1 (78) Petenyi,T (2459)-Wojtaszek,R (2736) Bilbao 2014}) 7. f4 h4 8. g4 (8. Bg2 $11 {remains equal.}) 8... exf4 $17 9. Bxf4 Ne7 10. h3 Ng6 11. Bh2 Nc6 12. e5 Be7 (12... Qa5+ $17 13. c3 c4 $1 {[%mdl 512]} 14. dxc4 dxc3 15. Nxc3 Bb4) 13. Bg2 $15 Qa5+ 14. c3 O-O 15. Nf3 Bd7 16. O-O Rae8 17. Nd2 (17. Qd2 $15) 17... Qa6 18. Rf5 (18. Qe4 $17 {might work better.}) 18... Bd6 $19 19. Ne4 Ncxe5 (19... Bxe5 $19 {and Black stays clearly on top.} 20. Rf1 Bxh2+ 21. Kxh2 Nce5) 20. c4 (20. Ndf2 $17 {is a better defense.}) 20... b5 (20... Bc7 $19 {has better winning chances.} 21. Rh5 b6) 21. b3 (21. cxb5 $17 Bxb5 22. Nxd6 Qxd6 23. Nf2) 21... bxc4 22. bxc4 f6 (22... Bc7 $142 23. Rh5 Qb6) 23. Nxd6 $17 Qxd6 24. Nf2 {[#]} Qb6 $1 25. Ne4 Nf7 $36 {[%mdl 2048] Black is in control.} 26. Qf2 (26. Rff1 $17) 26... Ng5 $2 ({Better is} 26... Bxf5 $19 27. gxf5 Nge5) 27. Nxc5 (27. Nxg5 $11 fxg5 28. Bd5+ Be6 29. Qg2) 27... Bc6 28. Qxd4 $2 {[%mdl 8192]} (28. Ne4 $17 Nxe4 29. dxe4) 28... Bxg2 $19 {Black is clearly winning.} 29. Kxg2 Re2+ 30. Rf2 {[#]} Rd8 $1 {[%cal Rd8d4]} 31. Qxd8+ Qxd8 32. Rxe2 Qd4 $1 {[%csl LRa1,LRc5]} 33. Nb3 Qxd3 {( -> ...Qf3+)} 34. Rf2 Qxh3+ 35. Kh1 Qxg4 {Strongly threatening ...Qe4+.} 36. Nd2 Qd7 37. Raf1 Qc6+ 38. Nf3 Ne7 39. c5 Nf5 40. Bf4 Nh3 {Precision: White = 24%, Black = 58%.} 0-1

[Event "3rd GRENKE Chess Open 2018"]
[Site "Karlsruhe"]
[Date "2018.04.01"]
[Round "7"]
[White "Pfreundt, Jakob"]
[Black "Danin, Alexandre"]
[Result "1/2-1/2"]
[WhiteElo "2385"]
[BlackElo "2540"]
[Annotator "TA"]
[PlyCount "43"]
[EventDate "2018.??.??"]
[EventType "swiss"]
[EventCountry "GER"]
[SourceTitle "playchess.com"]
[Source "ChessBase"]
[SourceQuality "1"]

{[%evp 19,43,-21,-7,-35,-27,-28,-37,-28,-31,-56,-20,-24,-14,-11,0,0,-4,-12,-12,-37,0,-25,0,-23,0,-20]} 1. e4 e6 2. d4 d5 3. exd5 exd5 4. Nf3 Bd6 5. c4 Nf6 6. Nc3 O-O 7. cxd5 Nbd7 {[%cal Bb8d7,Bd7b6,Bb6d5][%mdl 32]} 8. Be2 {C01: French: Exchange Variation} (8. Bg5 h6 9. Bh4 Nb6 10. Ne5 Be7 11. Bd3 Nfxd5 12. Bxe7 Nxe7 13. O-O Bf5 14. Bxf5 Nxf5 15. Qf3 Nd6 {½-½ (43) Nisipeanu,L (2682)-Ragger,M (2666) Graz 2018}) 8... h6 9. O-O Nb6 10. Ne5 Nbxd5 {LiveBook: 10 Games} 11. Bf3 Be6 12. Re1 c6 13. Bd2 $146 ({Predecessor:} 13. Na4 Qc7 14. g3 Rad8 15. Nc5 Bf5 {0-1 (64) Cizek,A (2309)-Petr,M (2468) Czechia 2011}) 13... Re8 14. Rc1 Rc8 15. Na4 Qc7 16. Nc5 Re7 17. b4 Bf5 18. Qb3 Rce8 {[%cal Rd6e5]} 19. Qb2 Bc8 {[%cal Rd6e5]} (19... b6 $5 {[%cal Rb6c5]} 20. Na6 Qc8 $15) 20. Ncd3 Bf5 21. Nc5 Bc8 {[%cal Rd6e5]} 22. Ncd3 {Precision: White = 52%, Black = 42%.} 1/2-1/2

[Event "3rd GRENKE Chess Open 2018"]
[Site "Karlsruhe"]
[Date "2018.04.01"]
[Round "7"]
[White "Ondersteijn, Niels"]
[Black "Korpa, Bence"]
[Result "1/2-1/2"]
[WhiteElo "2376"]
[BlackElo "2502"]
[Annotator "TA"]
[PlyCount "90"]
[EventDate "2018.??.??"]
[EventType "swiss"]
[EventCountry "GER"]
[SourceTitle "playchess.com"]
[Source "ChessBase"]
[SourceQuality "1"]

{[%evp 21,90,-18,-8,-8,-17,-24,-20,-22,-10,-10,-7,-40,-40,-64,-55,-64,-70,-70,-70,-70,-62,-63,-51,-59,-61,-62,-65,-129,-29,-127,-75,-77,-71,-195,-151,-176,-90,-112,-78,-183,-181,-178,-87,-87,-87,-88,-87,-87,-91,-93,-113,-100,-43,-44,-16,-19,-19,-18,-18,-26,0,0,0,0,0,-16,278,248,454,0,0]} 1. c4 c5 2. g3 g6 3. Bg2 Bg7 4. Nc3 Nc6 5. e4 e6 6. d3 Nge7 7. Be3 d6 8. Nge2 Nd4 9. Rb1 O-O 10. O-O b6 {A36: Symmetrical English vs ...g6: 4 Bg2 Bg7} 11. f4 (11. Qd2 Nec6 12. Bh6 Bd7 13. Bxg7 Kxg7 14. f4 Rb8 15. Nxd4 Nxd4 16. b4 f5 17. Ne2 Qf6 18. a3 Nxe2+ 19. Qxe2 Qd4+ 20. Qf2 Qxf2+ {½-½ (20) Dominguez Perez,L (2732)-Vallejo Pons,F (2684) Berlin 2015}) 11... Bb7 {LiveBook: 3 Games} 12. Bf2 Qd7 13. a3 Rad8 14. b4 Ba8 (14... f5 {is more complex.} 15. Qd2 Nec6 16. Be3 Rf7 17. Rf2 Qe7) 15. Qd2 f5 16. Nxd4 cxd4 17. Ne2 e5 18. h3 $146 ({Predecessor:} 18. Qc2 fxe4 19. dxe4 Rc8 20. Qb3 Kh8 21. Rbc1 {0-1 (40) Zoldan,M (2099)-Scavo,F (2301) Bratto 1999}) 18... Kh8 19. exf5 Bxg2 (19... Qxf5 20. g4 $11) (19... Nxf5 20. Bxa8 Rxa8 21. g4 $11) 20. Kxg2 gxf5 ({Much worse is} 20... Nxf5 21. g4 $11) 21. Kh2 Ng6 22. Rbc1 Rc8 23. Rc2 Rg8 24. Rfc1 (24. a4 $15) 24... Bf8 (24... Qb7 $17 25. Rf1 Bf6) 25. Ng1 (25. Qd1 $11) 25... Qb7 (25... Bh6 $142 {Hoping for ...Qg7.} 26. Ne2 Qb7 27. Bxd4 exd4 28. Nxd4 Qd7) 26. fxe5 $17 dxe5 27. c5 (27. Qe2 $17) 27... bxc5 $19 28. bxc5 Qc6 (28... Qd5 $19 29. Qd1 Bh6) 29. Qe2 $17 Bh6 30. Nf3 (30. Rb1 $17) 30... Bxc1 $19 31. Nxe5 Qd5 (31... Rge8 $1 $19 {is more deadly.} 32. Nxc6 Rxe2 33. Rxe2 Rxc6 34. Bxd4+ Kg8) 32. Nxg6+ $17 hxg6 33. Rxc1 Rge8 $1 {[%cal Re8e2]} ({Of course not} 33... Rxc5 $6 34. Qe7 $1 $11 {[%mdl 512]}) 34. Qb2 {[#]} Kg8 $1 35. Qxd4 Qxd4 36. Bxd4 {[%mdl 4096] Endgame KRR-KRB} Red8 (36... Re2+ $17 37. Kh1 Kf7) 37. Rc4 $15 Rc6 {[%mdl 1024] Black has compensation.} 38. Kg2 Kf7 39. Kf3 Ke6 40. h4 Rc7 41. Kf4 Rcd7 42. Be5 {Threatens to win with d4.} Rxd3 43. c6 {[%cal Bc5c6,Bc6c7][%mdl 32]} Rxa3 $2 {[%mdl 8192]} (43... R3d5 $11 {and Black stays safe.} 44. c7 Rc8 45. Rc6+ Kd7 46. Rxg6 Re8) 44. c7 $18 Rg8 $2 {[#]} (44... Re8) 45. Bb2 $2 ({Only move:} 45. Rd4 $1 $18 {[%cal Rd4d8]} Rc3 46. Rd8 (46. Rd6+ Ke7 $18) 46... g5+ 47. hxg5 Rc4+ 48. Bd4) 45... Rb3 {Precision: White = 45%, Black = 51%.} 1/2-1/2